000 01242nam a2200349 a 4500
001 000044326
003 000044326
005 20180316150754.0
008 140613s2009 dr a 000 0 spa d
020 _a9789945447187
040 _aBPMSU
_bspa
_cBPMSU
082 0 4 _a398.961
_bS714h
100 1 _aSoriano, Félix
245 1 4 _aDel habla popular /
_cFélix Soriano ; prólogo Leonidas Germán
260 _aSanto Domingo :
_bUniversitaria UASD,
_c2009.
300 _a246 p. :
_bil ;
_c21 cm.
500 _aIncluye datos biográficos del autor en la solapa de la contracubierta
504 _aBibliografía : p. 245-246
650 4 _aPROVÉRBIOS DOMINICANOS
650 4 _aFOLCLOR
_zREPÚBLICA DOMINICANA
650 4 _aAFORISMO Y APOTEGMAS
_zREPÚBLICA DOMINICANA
700 1 2 _4Germán, Leonidas
_epról.
710 2 2 _aUniversidad Autónoma de Santo Domingo
910 _aValidado. Control de calidad MFF
942 _2ddc
_cBK
945 _aRemanejado para la BNPHU, 2018 / BT
956 _aDGARCIA
_b10
_c20140613
_lBND01
_h1239
956 _aDGARCIA
_b10
_c20140613
_lBND01
_h1239
956 _aLOPEREZ
_b10
_c20140613
_lBND01
_h1348
956 _aMFILETO
_b40
_c20140627
_lBND01
_h1227
956 _aMFILETO
_b40
_c20140627
_lBND01
_h1323
999 _c7191
_d7191